| 000 | 01132nam a22003617a 4500 | ||
|---|---|---|---|
| 999 |
_c24170 _d24170 |
||
| 003 | OSt | ||
| 005 | 20210201154044.0 | ||
| 008 | 170303b xxu||||| |||| 00| 0 eng d | ||
| 010 | _a 2004051091 | ||
| 020 | _a0721603769 (set) | ||
| 020 | _a9997636740 (v. 1) | ||
| 020 | _a9997636759 (v. 2) | ||
| 020 | _a9997636767 (v. 3) | ||
| 035 | _a(DNLM)101222822 | ||
| 040 |
_aMMU _cMMU _dMMU _beng. |
||
| 042 | _apcc | ||
| 050 | 0 | 0 |
_aRC648 _b.E458 2006 |
| 060 | 1 | 0 |
_aWK 140 _bE5585 2006 |
| 082 | 0 | 0 |
_a616.4 _222 |
| 245 | 0 | 0 |
_aEndocrinology / _csenior editors, Leslie J. DeGroot, J. Larry Jameson, ; section editors, David de Kretser ... [et al.]. |
| 250 | _a5th ed. | ||
| 260 |
_aPhiladelphia, PA : _bElsevier Saunders, _cc2006. |
||
| 300 |
_a3 v. (xxxii, 3633, cxxx p.) : _bill. (some col.) ; _c28 cm. |
||
| 500 | _aIncludes bibliographical references and index. | ||
| 650 | 0 |
_aEndocrine glands _xDiseases. |
|
| 650 | 0 | _aEndocrinology. | |
| 650 | 1 | 2 | _aEndocrine Diseases. |
| 650 | 2 | 2 | _aEndocrine Glands. |
| 650 | 2 | 2 | _aHormones. |
| 700 | 1 | _aDeGroot, Leslie J. | |
| 700 | 1 | _aJameson, J. Larry. | |
| 942 |
_2lcc _cLOAN LOAN |
||